<?xml version="1.0" encoding="UTF-8"?>
<marc:record xmlns:marc="http://www.loc.gov/MARC21/slim">
   <marc:leader>00000nam a2200000 a 4500</marc:leader>
   <marc:datafield ind1="0" ind2="0" tag="245">
      <marc:subfield code="a">De Christi Incarnatione; &amp; de iis, quae ipse egit, atq[ue] passus est. De Sacramentis; quibus salutem consequimur. De Resurrectione, &amp; iis, quae eam sequuntur</marc:subfield>
   </marc:datafield>
   <marc:datafield ind1="0" ind2="0" tag="245">
      <marc:subfield code="b">in cuius initio praefixi sunt duo Indices ...</marc:subfield>
   </marc:datafield>
   <marc:datafield ind1=" " ind2="1" tag="264">
      <marc:subfield code="c">1585</marc:subfield>
   </marc:datafield>
   <marc:datafield ind1=" " ind2=" " tag="250">
      <marc:subfield code="a">[Bindeinheit]</marc:subfield>
   </marc:datafield>
   <marc:datafield ind1="1" ind2=" " tag="520">
      <marc:subfield code="a">Besitzvermerk: Loci Capucinorum Oeniponti; Bibliotheca Capucinorum Ried; Druckermarke am Titelbl. http://zentralbibliothek.kapuziner.at/kupferstiche/provinzbibliothek/IMG_2097.jpg, ill. Initialen und Verzierungen im Text, gelblicher Pergamenteinband auf verstärktem Papier, Buchrücken mit 3 Bünden, Lederbänder als Schließen fehlen.</marc:subfield>
   </marc:datafield>
   <marc:datafield ind1="0" ind2=" " tag="490">
      <marc:subfield code="v">3.</marc:subfield>
   </marc:datafield>
   <marc:datafield ind1=" " ind2=" " tag="300">
      <marc:subfield code="a">[10] Bl., 318 S.</marc:subfield>
   </marc:datafield>
</marc:record>
